000 00312nam a2200109 a 4500
005 20200930070800.0
008 110923s2005 000 spa d
020 _a997477750x
245 0 _aGuía de desarrollo familiar : contruyendo valores para un mundo mejor.
260 _aMontevideo,
_c2005.
999 _c33599
_d33599
040 _aDO-SdBNP